Principles of toxicokinetic studies

Saved in:
Bibliographic Details
Corporate Authors: United Nations Environment Programme, International Labour Organisation, World Health Organization
Format: Book
Language:English
Published: Geneva : World Health Organization, 1986.
Series:Environmental health criteria ; 57
Subjects:
Tags: Add Tag
No Tags, Be the first to tag this record!

MARC

LEADER 00000cam a2200000 i 4500
001 1/1529
008 950711s1986 sz | ||| |||| ||eng||
020 |a 9241542578 
035 |l 10014473 
040 |a GR-MyUa  |b gre  |e AACR2 
041 0 |a eng 
082 7 |a 541.394   |2 (22) 
245 0 0 |a Principles of toxicokinetic studies /   |c published under the joint sponsorship of the United Nations Environment Programme, the International Labour Organisation, and the World Health Organization. 
260 |a Geneva :   |b World Health Organization,   |c 1986. 
300 |a 166 σ. ;   |c 21 εκ. 
490 1 |a (Environmental health criteria ;   |v 57) 
650 0 0 |a Chemical kinetics. 
650 0 0 |a Toxicology. 
710 2 |a United Nations Environment Programme. 
710 2 |a International Labour Organisation. 
710 2 |a World Health Organization. 
830 0 |a Environmental health criteria ;  |v 57 
852 |a INST  |b LESVOS  |e 19950711  |h 541.394 PRI  |p 005100007755  |q 005100007755  |t BK  |y 0 
922 |a 1ΕΛΗ  |b 199306  |c ΠΠ/3108